Offences against children : socio-legel perspectives (Record no. 1458425)

MARC details
000 -LEADER
fixed length control field 00631nam a2200217Ia 4500
005 - DATE AND TIME OF LATEST TRANSACTION
control field 20250923150015.0
008 - FIXED-LENGTH DATA ELEMENTS--GENERAL INFORMATION
fixed length control field 008 250917s9999 xx 000 0 eng d
037 ## - SOURCE OF ACQUISITION
Stock number Textual
040 ## - CATALOGING SOURCE
Original cataloging agency DSWL
Language of cataloging eng
Transcribing agency DSWL
041 ## - LANGUAGE CODE
Language code of text/sound track or separate title eng
Source of code eng
084 ## - COLON CLASSIFICATION NUMBER
Classification number Y11:40a2, N96
Assigning agency DSWL
100 ## - MAIN ENTRY--PERSONAL NAME
Personal name Kumar, K.
9 (RLIN) 841220
245 #0 - TITLE STATEMENT
Title Offences against children : socio-legel perspectives
Statement of responsibility, etc. by K. Kumar
260 ## - PUBLICATION, DISTRIBUTION, ETC.
Place of publication, distribution, etc. New Delhi
Name of publisher, distributor, etc. Regency Publications
Date of publication, distribution, etc. 1996
300 ## - PHYSICAL DESCRIPTION
Extent xii,146 p.
365 ## - TRADE PRICE
Price type code INR
Price amount 175.00
700 ## - ADDED ENTRY--PERSONAL NAME
Personal name Rani Punam
9 (RLIN) 841221
925 ## -
-- 175.00
942 ## - ADDED ENTRY ELEMENTS (KOHA)
Koha item type Textual
Classification part Y11:40a2, N96
Holdings
Withdrawn status Lost status Damaged status Not for loan Home library Current library Date acquired Total Checkouts Full call number Barcode Date last seen Price effective from Koha item type
        Department of Social Work Library Department of Social Work Library 2025-09-23   Y11:40a2, N96 SW0026858 2025-09-23 2025-09-23 Textual
Copyright @ Delhi University Library System